000 00562cam a2200193 4500
001 J912
008 090401t1992 xxu||||| |||| 00| 0 eng d
035 _a(Sirsi) u32648
041 0 _aeng
050 0 4 _a340.025 $2 18
110 2 _aFaculty of Advocates
_9373
245 0 0 _aDirectory (1992)
260 _aEdinburgh
_bFaculty of Advocates
_c1992
300 _a240p.
_bill.
_c21cm.
651 4 _aScotland
_y1999-
690 _aMANAGEMENT-DISPUTE AVOIDANCE, MANAGEMENT AND RESOLUTION-DISPUTE MANAGEMENT AND RESOLUTION-ADVOCACY
942 _n0
948 _c04/03/1997
999 _c89752
_d89752